000 00813nam a2200217 i 4500
001 13662
003 ES-MaACL
005 20230906150633.0
007 t|
008 970807s1996 sp ||||0| spa
020 _a84-605-5987-4
080 _a726.54(460.188 Sepúlveda)
245 0 3 _aEl Santuario y el camarín de la Virgen de la Peña de Sepúlveda /
_cestudio introductorio de Antonio Linage Conde ; Marta Alvargonzález Terrero ... [et al.].
250 _a1ª ed.
260 _aSepúlveda :
_bHermandad de Nuestra Señora de la Virgen de la Peña,
_c1996.
300 _a389 p. :
_bil. col. ;
_c24 cm.
610 2 4 _aSantuario de Nuestra Señora de la Virgen de la Peña.
_96507
700 1 _aLinage Conde, Antonio.
_972322
700 1 _aAlvargonzález Terrero, Marta.
_921014
852 _aES-MaACL
_jL-21030
999 _c13662
_d13662